|
|
|
|
| LEADER |
01461cam a2200397 a 4500 |
| 001 |
nkc20061647130 |
| 003 |
CZ PrNK |
| 005 |
20060829144648.0 |
| 007 |
ta |
| 008 |
060410s2006 xr a e p 000 0 cze d |
| 015 |
|
|
|a cnb001647130
|
| 020 |
|
|
|a 80-7368-153-6
|q (brož.) :
|c Kč 165,00
|
| 035 |
|
|
|a (OCoLC)85545907
|
| 040 |
|
|
|a KLG001
|b cze
|d BOA001
|d ABA001
|
| 072 |
|
7 |
|a 616
|x Patologie. Klinická medicína
|2 Konspekt
|9 14
|
| 072 |
|
7 |
|a 37.016
|x Učební osnovy. Vyučovací předměty. Učebnice
|2 Konspekt
|9 22
|
| 080 |
|
|
|a 616-097-092.19+577.27
|2 MRF
|
| 080 |
|
|
|a (075.8)
|2 MRF
|
| 100 |
1 |
|
|a Lochmanová, Alexandra
|7 ola2006340321
|4 aut
|
| 245 |
1 |
0 |
|a Základy imunologie /
|c Alexandra Lochmanová
|
| 250 |
|
|
|a Vyd. 1.
|
| 260 |
|
|
|a Ostrava :
|b Ostravská univerzita, Zdravotně sociální fakulta,
|c 2006
|
| 300 |
|
|
|a 139 s. :
|b il. ;
|c 30 cm
|
| 500 |
|
|
|a Terminologický slovník
|
| 500 |
|
|
|a 200 výt.
|
| 504 |
|
|
|a Obsahuje bibliografii
|
| 650 |
0 |
7 |
|a imunologie
|7 ph121051
|2 czenas
|
| 650 |
0 |
9 |
|a immunology
|2 eczenas
|
| 655 |
|
7 |
|a učebnice vysokých škol
|7 fd133772
|2 czenas
|
| 655 |
|
9 |
|a textbooks (higher)
|2 eczenas
|
| 856 |
4 |
1 |
|u http://www.digitalniknihovna.cz/mzk/uuid/uuid:070c60c0-9579-11e3-a744-005056827e52
|y Digitalizovaný dokument
|x NDK
|
| 910 |
2 |
|
|a BOA001
|b 3-1169.506
|
| 990 |
|
|
|a BK
|
| 995 |
|
|
|a 01
|
| 991 |
|
|
|b 200605
|c NOV
|
| 996 |
6 |
|
|b 2610279173
|c 3-1169.506
|l MZK
|r Sklad / do 1 hodiny
|n 3
|p p.v.
|w 000816238
|u 000010
|a 1
|e BOA001
|j MZK50
|s P
|